Golden State Warriors Leading Rebounder per year - Statistics

General Stats
  • This quiz has been taken 38 times
    35 since last reset
  • The average score is 38 of 77
Answer Stats
Year Player % Correct
2024 Draymond Green
100%
2022 Draymond Green
100%
2021 Draymond Green
100%
2020 Draymond Green
100%
2018 Draymond Green
100%
2016 Draymond Green
100%
2015 Draymond Green
100%
1965 Wilt Chamberlain
100%
1964 Wilt Chamberlain
100%
1963 Wilt Chamberlain
100%
1962 Wilt Chamberlain
100%
1961 Wilt Chamberlain
100%
1960 Wilt Chamberlain
100%
2017 Kevin Durant
94%
2014 Andrew Bogut
83%
1974 Nate Thurmond
83%
1973 Nate Thurmond
83%
1972 Nate Thurmond
83%
1970 Nate Thurmond
83%
1969 Nate Thurmond
83%
1968 Nate Thurmond
83%
1967 Nate Thurmond
83%
1966 Nate Thurmond
83%
2013 David Lee
78%
2012 David Lee
78%
2011 David Lee
78%
2023 Kevon Looney
78%
2022 Kevon Looney
78%
1990 Chris Mullin
72%
2019 DeMarcus Cousins
44%
1997 Joe Smith
44%
1996 Joe Smith
44%
1989 Larry Smith
44%
1987 Larry Smith
44%
1986 Larry Smith
44%
1985 Larry Smith
44%
1984 Larry Smith
44%
1983 Larry Smith
44%
1982 Larry Smith
44%
1981 Larry Smith
44%
1952 Paul Arizin
44%
1951 Paul Arizin
44%
2010 Andris Biedriņš
39%
2009 Andris Biedriņš
39%
2008 Andris Biedriņš
39%
2007 Andris Biedriņš
39%
1958 Neil Johnston
33%
1957 Neil Johnston
33%
1956 Neil Johnston
33%
1955 Neil Johnston
33%
1954 Neil Johnston
33%
1953 Neil Johnston
33%
1994 Chris Webber
28%
1995 Chris Gatling
22%
2020 Willie Cauley-Stein
22%
1991 Alton Lister
11%
1992 Billy Owens
11%
1978 Clifford Ray
11%
1977 Clifford Ray
11%
1976 Clifford Ray
11%
1975 Clifford Ray
11%
2004 Erick Dampier
11%
1999 Erick Dampier
11%
1998 Erick Dampier
11%
2020 Marquese Chriss
11%
1988 Ralph Sampson
11%
1993 Tyrone Hill
11%
1971 Jerry Lucas
6%
1980 Robert Parish
6%
1979 Robert Parish
6%
2006 Troy Murphy
6%
2005 Troy Murphy
6%
2003 Troy Murphy
6%
1959 Woody Sauldsberry
6%
2002 Danny Fortson
0%
2001 Danny Fortson
0%
2000 Donyell Marshall
0%
No matching quizzes found
Score Distribution
Percent of People with Each Score
Percentile by Number Answered
Your Score History
You have not taken this quiz since the last reset